Education and communism in China: an anthology of commentary and documents
Gespeichert in:
| 1. Verfasser: | |
|---|---|
| Format: | Buch |
| Sprache: | Englisch |
| Veröffentlicht: |
Hong Kong
International Studies Group
1969
|
| Ausgabe: | 1a. ed |
| Schlagworte: | |
| Tags: |
Tag hinzufügen
Keine Tags, Fügen Sie den ersten Tag hinzu!
|
MARC
| LEADER | 00000cam a2200000 a 4500 | ||
|---|---|---|---|
| 001 | UCD3004 | ||
| 003 | CL-VaPUC | ||
| 008 | 160520e19691000ch |||||||||||||||||eng|d | ||
| 082 | 0 | 4 | |a 320.5320951 |b FRA |2 21 |
| 100 | 0 | |a Fraser, Stewart E |e author |9 586399 | |
| 245 | 1 | 0 | |a Education and communism in China: an anthology of commentary and documents |
| 250 | |a 1a. ed | ||
| 300 | |a 614 p | ||
| 942 | |c BK | ||
| 945 | |d 20160520 11:34:00 |a arojas | ||
| 260 | |a Hong Kong |b International Studies Group |c 1969 | ||
| 650 | 7 | |a COMUNISMO CHINO |2 CL-VaPUC |9 314299 | |
| 650 | 0 | |a Filosofía de la educación |9 258384 | |
| 651 | 0 | |a China |9 257545 | |
| 583 | |a last modification |c 20160520 11:34:00 |k Rodrigo Vera | ||
| 999 | |c 364113 |d 364111 | ||
| 952 | |0 0 |1 0 |3 erb |4 0 |6 320_532095100000000_FRA_1969 |7 0 |8 A |9 477037 |a FDOHBE |b FDOHBE |e Huesbe Llanos, Marco Antonio, 1934- |i 5305292 |o 320.5320951 FRA 1969 |p 5305292 |r 2024-01-30 |w 2019-11-24 |y BK |z Catalogado en:20160520 |k HBE | ||